| 000 | 00567nam a22001697a 4500 | ||
|---|---|---|---|
| 005 | 20251108175756.0 | ||
| 008 | 250721s2000 xx 000 0 ara d | ||
| 082 | 1 | 4 | _a332.041/اتح |
| 245 | 1 | 0 | _aالتمويل المصرفي للمشروعات بصيغة رأس المال / |
| 264 | 1 |
_aبيروت : _bاتحاد المصارف العربية، _c2000. |
|
| 300 | _a391ص. | ||
| 500 | _aالكتاب بلغتين العربية و الانجليزية | ||
| 650 | 1 | 7 | _aالبنوك |
| 650 | 1 | 7 | _aرؤوس الاموال |
| 942 |
_2ddc _cBK |
||
| 999 |
_c142096 _d142096 |
||